Регионална библиотека "Любен Каравелов" - Русе

Градината (Запис номер 107279)

MARC детайли
000 -Лидер
Контролно поле с фиксирана дължина 01355nam a2200361 c 4500
003 - Код на организацията, давaща контролен номер
Контролно поле BLK
005 - Дата и час на последна редакция
Контролно поле 20250516131601.0
008 - Елементи от данни с фиксирана дължина
fixed length control field 180409b bul|||||r ||||||| ||bul||
010 ## - Наследен системен номер
LC control number KNG00112556000
020 ## - Международен стандартен номер на книга ISBN
Международен стандартен номер на книга ISBN 954-707-027-4
-- издат.: Колхида
040 ## - Източник на каталожния запис
Идентификатор на билиотеката - собственик на записа BLK
041 ## - Код за език
Код за езика на текст/звукозапис или на отделно заглавие Български
Код за езика КДБФ Български
080 ## - УДК
Текстов определител УДК Декоративни растения. Декоративно градинарство
УДК код - определител по УДК 635.9
УДК определител (035)
УДК - код + определител 635.9(035)
100 1# - Редна дума - Автор
Автор Кънчев, Деньо
Авторска отговорност първи автор
R(LIN) 310868
139 ## - Редно поле
Редна дума Кънчев, Деньо
Авторски знак Към - К 96
245 10 - Сведения за заглавието
Заглавие Градината
Подзаглавни данни Типове градини, ландшафтен дизайн, 156 цветя и храсти
Редно поле (дума) Деньо Кънчев.
257 ## - Страна на издаване
Страна на създаване/издаване България
260 ## - Област на издателските данни
-- София
Име на издателя, разпространителя и проч. Колхида
Година на издаване 2004
Печатница София : Мултипринт
300 ## - Физическа характеристика
Страници 304 с.
Размери/Мащаб 23 см
380 ## - Жанр
Жанр Селско стопанство
650 #4 - Допълнително описание по предмет – тема
Основно описание – тема или топоним Декоративни растения - наръчници и ръководства
9 (RLIN) 242106
653 ## - Ключова дума – ненормативна
Ключова дума декоративни растения
653 ## - Ключова дума – ненормативна
Ключова дума цветя
653 ## - Ключова дума – ненормативна
Ключова дума градини
653 ## - Ключова дума – ненормативна
Ключова дума ландшафти
653 ## - Ключова дума – ненормативна
Ключова дума ръководства
852 ## - Местоположение
Форматна сигнатура Цб 219154
856 4# - Електронен адрес и достъп
Електронен формат pdf - файл
Път до файла /url/
856 4# - Електронен адрес и достъп
Електронен формат pdf - файл
Път до файла /url/
942 ## - АРТИКУЛИ
Вид на библиотечния материал Книги
Скрит в OPAC Не
Koha issues (borrowed), all copies 13
944 ## - СЪЗДАВАНЕ И РЕДАКЦИЯ на ЗАПИСА
Създаване/Редакция Създаване
Дата на регистрацията/редакция 26.04.2004
Служител, извършил регистрацията/редакцията 30542
Статус, дата на статуса Русанова Ирена
944 ## - СЪЗДАВАНЕ И РЕДАКЦИЯ на ЗАПИСА
Създаване/Редакция Редакция
Дата на регистрацията/редакция 25.03.2005
Служител, извършил регистрацията/редакцията
999 ## - СИСТЕМНИ КОНТРОЛНИ НОМЕРА
Koha biblionumber 107279
Koha biblioitemnumber 107279
Наличности
Код за отписване Код за изгубен артикул Източник на класификационната схема Код за повреда Коз за рестрикции Код за отдаване Артикулен № Име на библиотеката - собственик Име на библиотеката, в която се намира в момента Статус (Текущо местоположение) Дата на вписване в системата Местоположение - отдел Цена в лева Инвентарен номер Систематично азбучна сигнатура Баркод Номер на екземпляра Цена в евро Служебна бележка Служебен тип на артикула
Изтеглен Не е изгубен Universal Decimal Classification Не е повреден без рестрикции заемане за дома 173162 Регионална библиотека "Любен Каравелов" Русе Регионална библиотека "Любен Каравелов" Русе Заемна - подръчен фонд 2004-04-26 Заемна - подръчен фонд 9.90 120000684828 П 635.9/К 96 120000684828 1 5.06 Дост: Pk Вид: Ф N: 8872 Дата: 22.04.2004 Книги
  Не е изгубен   Не е повреден без рестрикции заемане за дома 173163 Регионална библиотека "Любен Каравелов" Русе Регионална библиотека "Любен Каравелов" Русе Заемна - подръчен фонд 2005-03-23 Заемна - подръчен фонд 9.90 120000692461 П 635.9/К 96 120000692461 2 5.06 Дост: Pk Вид: Ф N: 4 Дата: 23.03.2005 Дата инв: 06.02.2018 Бележки инв: П2018 Книги
Vip Innovations Ltd, Rousse, Bulgaria 2025